Statistics for Drummer of which band? #5

Click here to take the quiz!

General Stats

  • This quiz has been taken 17 times
  • The average score is 3 of 20

Answer Stats

DrummerBand% Correct
Ringo StarrRingo Starr & His All-Starr Band
100%
Travis BarkerBlink-182
50%
The YinA
36%
Joey KramerAerosmith
36%
Jeff PorcaroSteely Dan
21%
Carmine AppiceBeck, Bogert & Appice
14%
Vinny AppiceDio
14%
Terry BozzioFrank Zappa
14%
Tommy AldridgeWhitesnake
14%
Carter BeaufordDave Matthews Band
7%
Craig NunenmacherBlack Label Society
0%
Jonathan "Butch" NortonEels
0%
Aaron HarrisIsis
0%
Clyde StubblefieldJames Brown
0%
Jonas RenkseKatatonia
0%
Billy CobhamMahavishnu Orchestra
0%
Max RoachM'Boom
0%
Lazare NedlandSolefald
0%
Patrick WilsonWeezer
0%
Hal Blaine (collective, not band)Wrecking Crew
0%

Score Distribution

Percentile by Number Answered

Percent of People with Each Score

Your Score History

You have not taken this quiz